Statystyki dla Państwa z najszybszymi sprinterami na 100m

Kliknij tutaj aby rozwiązać quiz!

Ogólne statystyki

  • Ten quiz został rozwiązany 6 764 razy
  • Średni wynik to 4 z 7

Statystyki odpowiedzi

Liczba najlepszychNajlepszy czasNajlepszy sprinterPaństwo% Poprawnych
579.69Tyson GayStany Zjednoczone
94%
199.58Usain BoltJamajka
93%
49.84Donovan BaileyKanada
66%
109.87Linford ChristieWielka Brytania
61%
59.89Akani SimbineRepublika Południowej Afryki
49%
99.85Olusoji FasubaNigeria
37%
69.82Richard ThompsonTrynidad i Tobago
18%

Rozkład punktacji

Percentyl według liczby udzielonych odpowiedzi

Procent ludzi z każdym wynikiem

Twoja historia wyników

Nie rozwiązałeś tego quizu